Truyện cổ dân gian Miến Điện

Αποθηκεύτηκε σε:
Λεπτομέρειες βιβλιογραφικής εγγραφής
Άλλοι συγγραφείς: Tô Đình (sưu tập)
Μορφή: Βιβλίο
Γλώσσα:Vietnamese
Έκδοση: Tp. Hồ Chí Minh Văn nghệ Tp. Hồ Chí Minh 2000
Θέματα:
Ετικέτες: Προσθήκη ετικέτας
Δεν υπάρχουν, Καταχωρήστε ετικέτα πρώτοι!
Thư viện lưu trữ: Trung tâm Học liệu Lê Vũ Hùng, Trường Đại học Đồng Tháp
LEADER 00732pam a22002178a 4500
001 00025099
005 20171026081023.0
008 110730s2000 ||||||viesd
041 0 # |a vie 
082 1 4 |a 398.209 597  |b TR527C 
245 0 0 |a Truyện cổ dân gian Miến Điện  |c Tô Đình sưu tập 
260 # # |a Tp. Hồ Chí Minh  |b Văn nghệ Tp. Hồ Chí Minh  |c 2000 
300 # # |a 228tr.  |c 16 cm. 
650 # 4 |a Miến Điện 
650 # 4 |a Văn học dân gian 
650 # 4 |a Truyện 
700 1 # |a Tô Đình  |e sưu tập 
852 # # |j KD.0007692  |b Kho đọc 
852 # # |j KD.0007692 
910 |d 30/07/2011 
980 # # |a Trung tâm Học liệu Lê Vũ Hùng, Trường Đại học Đồng Tháp